00545nam a2200157Ia 4500008004100000020001800041041000800059082001700067100002100084245004900105250000600154260006500160300001200225999001900237952013100256210716s2015 xx 000 0 und d a9789351106944 aeng a004.607 MULP aMulder, Patrick. aFull stack web development with backbone js. a1 aNew DelhibShroff Publishers and Distributors Pvt Ltdc2015 axvi,171 c195211d195211 001040708MCAaAIMITbAIMITeKnowledge Worldg350.00l0o004.607 MULPpMCA14720r2025-07-21 00:00:00v273.00w2021-07-16yBK